Fundamentos de marketing./ (Registro nro. 9169)

Detalles MARC
000 -LEADER
fixed length control field 02089nam a2200229Ia 4500
005 - FECHA Y HORA DE LA ÚLTIMA TRANSACCIÓN
control field 20250612085743.0
008 - FIXED-LENGTH DATA ELEMENTS--GENERAL INFORMATION
fixed length control field 230903s9999 xx 000 0 und d
020 ## - INTERNATIONAL STANDARD BOOK NUMBER
International Standard Book Number 970-10-6201-9
040 ## - CATALOGING SOURCE
Original cataloging agency UPAN
Transcribing agency Biblioteca San Vicente
Description conventions RCAA2
041 ## - LANGUAGE CODE
Language code of text/sound track or separate title spa
082 ## - DEWEY DECIMAL CLASSIFICATION NUMBER
Classification number 658.8
Item number S726f
año de publicación 2007
100 ## - MAIN ENTRY--PERSONAL NAME
Personal name Santon, William J.
Relator code aut.
245 #0 - TITLE STATEMENT
Title Fundamentos de marketing./
Statement of responsibility, etc William Staton, Michael J. Etzel,
250 ## - EDITION STATEMENT
Edition statement 14º ed.
260 ## - PUBLICATION, DISTRIBUTION, ETC. (IMPRINT)
Place of publication, distribution, etc México:
Name of publisher, distributor, etc McGraw Hill,
Date of publication, distribution, etc 2007
300 ## - PHYSICAL DESCRIPTION
Extent 741 p.;
Dimensions 27 cm.
505 ## - FORMATTED CONTENTS NOTE
Formatted contents note Parte 1: La naturaleza y panorama del marketing.<br/>Capitulo 1. El campo del marketing.<br/>Capitulo 2. El ambiente dinámico del marketing.<br/>Capitulo 3. Los mercados globales y el marketing.<br/>Parte 2: Identificación y selección de mercados.<br/>Capitulo 4. Mercados de consumo y comportamiento de compra.<br/>Capitulo 5. Mercados de negocios y comportamiento de compra.<br/>Capitulo 6. Segmentación, determinación de objetivos y posicionamiento en el mercado.<br/>Capitulo 7. Investigación de marketing e información de mercados.<br/>Parte 3:Producto.<br/>Capitulo 8. Planeación y desarrollo de producto.<br/>Capitulo 9. Estrategia de mezcla de producto.<br/>Capitulo 10. Marcas, empaque y otras características del producto.<br/>Capitulo 11. Marketing de servicios.<br/>Parte 4: Precio.<br/>Capitulo 12. Determinación del precio.<br/>Capitulo 13. Estrategias de asignación de precios.<br/>Parte 5: Distribución.<br/>Capitulo 14. Canales de distribución.<br/>Capitulo 15. Venta al detalle.<br/>Capitulo 16. Ventas al mayoreo y distribución física.<br/>Parte 6: Promoción.<br/>Capitulo 17. Comunicación integradas de marketing.<br/>Capitulo 18. Ventas personales y administración de ventas.<br/>Capitulo 19. Publicidad, promoción de ventas y relaciones públicas.<br/>Parte 7: Administración del esfuerzo de marketing.<br/>Capitulo 20. Planeación estratégica de marketing.<br/>Capitulo 21. Implantación y evaluación del marketing.<br/>Capitulo 22. El marketing y la economía de la información.
650 ## - SUBJECT ADDED ENTRY--TOPICAL TERM
Source of heading or term LEMB
General subdivision Mercadeo
700 ## - ADDED ENTRY--PERSONAL NAME
Personal name J. Etzel, Michael
Relator code aut.
700 ## - ADDED ENTRY--PERSONAL NAME
Personal name Bruce J., Walker
Relator code aut.
942 ## - ADDED ENTRY ELEMENTS (KOHA)
Koha item type Libros
Source of classification or shelving scheme Dewey Decimal Classification
Existencias
Withdrawn status Lost status Source of classification or shelving scheme Damaged status Not for loan Collection code Home library Current library Date acquired Total Checkouts Full call number Barcode Date last seen Copy number Price effective from Koha item type
    Dewey Decimal Classification     Colección General Biblioteca UPAN San Vicente Biblioteca UPAN San Vicente 03/09/2023   658.8 S726f 12002563 03/09/2023 01 03/09/2023 Libros
    Dewey Decimal Classification     Colección General Biblioteca UPAN San Vicente Biblioteca UPAN San Vicente 06/09/2023   658.8 S726f 12001807 06/09/2023 02 06/09/2023 Libros
    Dewey Decimal Classification     Colección General Biblioteca UPAN San Vicente Biblioteca UPAN San Vicente 06/09/2023   658.8 S726f 12001808 06/09/2023 03 06/09/2023 Libros